00677nam a2200241 a 4500001001300000003000900013005001700022008004100039020000900080082001800089100001500107245003200122260002800154300000900182500003500191505003000226650001700256700001500273902000800288942000700296952011700303999001500420nice12345678IN_TiNIC20260116013002.0050524s1983 boma grp 000 0 eng  ac1000a262.0954bAPR aAprem, Mar aIndian Christian Who Is Who aBombaybC J Jacobc1983 a210p aincludes index and biblioraphy2 aChro, Bibliography, Index aChurch-India1 aAprem, Mar bSRS cBK 001040708StackRoom-aHMIbHMId2007-07-11g10.00l0o262.0954 APRp011715r2007-07-11v10.00w2005-05-24yBK c9169d9169